Проведение мониторинга радиационной безопасности на примере города Юрги; Проблемы фундаментальных и прикладных естественных и технических наук в современном информационном обществе. Общая и прикладная физика

Bibliografiske detaljer
Parent link:Проблемы фундаментальных и прикладных естественных и технических наук в современном информационном обществе. Общая и прикладная физика.— 2011.— [С. 71-72]
Hovedforfatter: Орлова К. Н. Ксения Николаевна
Summary:Заглавие с экрана
Sprog:russisk
Udgivet: 2011
Serier:Секция общей и экспериментальной физики
Fag:
Online adgang:http://mipt.ru/upload/82b/2fopf-arph84ar7ww.pdf#page=74
Format: Electronisk Book Chapter
KOHA link:https://koha.lib.tpu.ru/cgi-bin/koha/opac-detail.pl?biblionumber=639729

MARC

LEADER 00000naa0a2200000 4500
001 639729
005 20250530160508.0
035 |a (RuTPU)RU\TPU\network\4217 
035 |a RU\TPU\network\4211 
090 |a 639729 
100 |a 20150320d2011 k y0rusy50 ca 
101 0 |a rus 
102 |a RU 
135 |a drcn ---uucaa 
181 0 |a i  
182 0 |a b 
200 1 |a Проведение мониторинга радиационной безопасности на примере города Юрги  |f К. Н. Орлова 
203 |a Текст  |c электронный 
225 1 |a Секция общей и экспериментальной физики 
300 |a Заглавие с экрана 
320 |a [Библиогр.: с. 72 (2 назв.)] 
463 |t Проблемы фундаментальных и прикладных естественных и технических наук в современном информационном обществе. Общая и прикладная физика  |o труды 54 научной конференции МФТИ, Москва, 10-30 ноября 2011 г.  |f Московский физико-технический институт (Государственный университет) (МФТИ)  |v [С. 71-72]  |d 2011 
610 1 |a электронный ресурс 
610 1 |a труды учёных ТПУ 
610 1 |a радиационная безопасность 
610 1 |a радиационный мониторинг 
610 1 |a особенности 
610 1 |a Юрга 
700 1 |a Орлова  |b К. Н.  |c физик  |c доцент Юргинского технологического института (филиала) Томского политехнического университета, кандидат технических наук  |f 1985-  |g Ксения Николаевна  |3 (RuTPU)RU\TPU\pers\28212  |9 13166 
801 2 |a RU  |b 63413507  |c 20150516  |g RCR 
850 |a 63413507 
856 4 |u http://mipt.ru/upload/82b/2fopf-arph84ar7ww.pdf#page=74 
942 |c CF